Southville International School and Colleges
Your cart is empty.
  • Cart
  • Lists
    Public lists Eva Luna New books Lux_list list_1
    Your lists Log in to create your own lists
  • Log in to your account
  • Your cookies
  • Search history
Southville International School and Colleges
  • Advanced search
  • Recent comments
  • Most popular
  • Libraries

Log in to your account

Log in with GOOGLE


If you do not have an external account, but do have a local account, you can still log in:

  1. Home
  2. MARC view: Guinness world records 2005/
Normal view MARC view ISBD view

Guinness world records 2005/ (Record no. 771)

[ view plain ]
MARC details
000 -LEADER
fixed length control field 01074cam a22003377a 4500
001 - CONTROL NUMBER
control field 14250704
003 - CONTROL NUMBER IDENTIFIER
control field OSt
005 - DATE AND TIME OF LATEST TRANSACTION
control field 20140310181639.0
008 - FIXED-LENGTH DATA ELEMENTS--GENERAL INFORMATION
fixed length control field 060201s2005 nyua 000 0 eng d
010 ## - LIBRARY OF CONGRESS CONTROL NUMBER
LC control number 2006272473
020 ## - INTERNATIONAL STANDARD BOOK NUMBER
International Standard Book Number 0553588109
035 ## - SYSTEM CONTROL NUMBER
System control number (OCoLC)ocm62221262
040 ## - CATALOGING SOURCE
Original cataloging agency DAJ
Transcribing agency DAJ
Modifying agency DLC
042 ## - AUTHENTICATION CODE
Authentication code lccopycat
050 00 - LIBRARY OF CONGRESS CALL NUMBER
Classification number AG 243
Item number .G964 2005
082 00 - DEWEY DECIMAL CLASSIFICATION NUMBER
Classification number REF 909.82
Item number G94 2005
245 00 - TITLE STATEMENT
Title Guinness world records 2005/
Statement of responsibility, etc Claire Folkard., ed.
260 ## - PUBLICATION, DISTRIBUTION, ETC. (IMPRINT)
Place of publication, distribution, etc New York :
Name of publisher, distributor, etc Bantam Books,
Date of publication, distribution, etc 2005.
300 ## - PHYSICAL DESCRIPTION
Extent xix, 588 p. :
Other physical details ill. (some col.) ;
Dimensions 18 cm.
520 ## - SUMMARY, ETC.
Summary, etc 1. World records.--Periodicals. 2. Curiosities and wonders--Periodicals.
521 ## - TARGET AUDIENCE NOTE
Target audience note
541 ## - IMMEDIATE SOURCE OF ACQUISITION NOTE
-- 1
562 ## - COPY AND VERSION IDENTIFICATION NOTE
Number of copies 1
650 #0 - SUBJECT ADDED ENTRY--TOPICAL TERM
Topical term or geographic name as entry element Animals
Form subdivision Miscellanea.
650 #0 - SUBJECT ADDED ENTRY--TOPICAL TERM
Topical term or geographic name as entry element Pets
Form subdivision Miscellanea.
700 1# - ADDED ENTRY--PERSONAL NAME
Personal name Herndon, Ryan.
730 0# - ADDED ENTRY--UNIFORM TITLE
Uniform title Guinness world records.
906 ## - LOCAL DATA ELEMENT F, LDF (RLIN)
a 7
b cbc
c copycat
d 2
e ncip
f 20
g y-gencatlg
942 ## - ADDED ENTRY ELEMENTS (KOHA)
Source of classification or shelving scheme Library of Congress Classification
Koha item type
Call number prefix
Holdings
Withdrawn status Lost status Source of classification or shelving scheme Damaged status Home library Current library Shelving location Date acquired Total Checkouts Full call number Barcode Date last seen Copy number Price effective from Koha item type
    Library of Congress Classification   Luxembourg Library Luxembourg Library Reference Section 03/28/2012   AG 243 .G964 2005 14904 07/16/2015 1 10/03/2013 Books

Guinness world records 2005/

APA

Herndon R., . (2005). Guinness world records 2005. New York: Bantam Books.

Chicago

Herndon Ryan, . 2005. Guinness world records 2005. New York: Bantam Books.

Harvard

Herndon R., . (2005). Guinness world records 2005. New York: Bantam Books.

MLA

Herndon Ryan, . Guinness world records 2005. New York: Bantam Books. 2005.

  • Print
  • Cite
  • Add to your cart (remove)
  • Save record
    BIBTEX Dublin Core MARCXML MARC (non-Unicode/MARC-8) MARC (Unicode/UTF-8) MARC (Unicode/UTF-8, Standard) MODS (XML) RIS
  • More searches
    Search for this title in:
    Other Libraries (WorldCat) Other Databases (Google Scholar) Online Stores (Bookfinder.com) Open Library (openlibrary.org)

Exporting to Dublin Core...

SOUTHVILLE LIBRARY

Southville International School and Colleges Library

1281 Tropical Ave. Cor. Luxembourg St., BF Homes International, Las Pinas City

Tel. No. 8256374 / 252358 Loc. 117/146

Powered by Koha